书目信息 |
| 题名: |
康有为诗文选
|
|
| 作者: | 康有为 , 舒芜 著 ;人民文学出版社编辑部 编注 | |
| 分册: | ||
| 出版信息: | 北京 人民文学出版社 1958.9 |
|
| 页数: | 361页 | |
| 开本: | 20厘米 | |
| 丛书名: | ||
| 单 册: | ||
| 中图分类: | I215.22 | |
| 科图分类: | 44.273 | |
| 主题词: | 散文--中国--近代--选集 , 诗歌--中国--近代--选集 | |
| 电子资源: | ||
| ISBN: | ||
| 000 | 00864nam 2200265 45 | |
| 001 | 0191006663 | |
| 005 | 20060805085433.26 | |
| 010 | @dCNY1.20 | |
| 100 | @a19910327d1958 em y0chiy0121 ea | |
| 101 | 0 | @achi |
| 102 | @aCN@b110000 | |
| 105 | @acf z 000zy | |
| 200 | 10 | @a康有为诗文选@AKANG YOU WEI SHI WEN XUAN@f康有为著@FKANG YOU WEI ZHU@g人民文学出版社编辑部编注@Gren min wen xue chu ban she bian ji bu bian zhu |
| 210 | @a北京@c人民文学出版社@d1958.9 | |
| 215 | @a361页@c肖像及书影@d20厘米 | |
| 540 | 1 | @a诗文@ASHI WEN |
| 606 | @a散文@y中国@z近代@x选集 | |
| 606 | @a诗歌@y中国@z近代@x选集 | |
| 690 | @aI215.22 | |
| 692 | @a44.273 | |
| 701 | 0 | @a康有为@AKANG YOU WEI@4著 |
| 701 | 0 | @a舒芜@ASHU WU@4编注 |
| 712 | 0 | @a人民文学出版社编辑部@Aren min wen xue chu ban she bian ji bu@4编注 |
| 801 | 0 | @aCN@bTSSF@c20060805 |
| 905 | @a10447@dI215.22@e472 | |
| 康有为诗文选/康有为著/人民文学出版社编辑部编注.-北京:人民文学出版社,1958.9 |
| 361页:肖像及书影;20厘米 |
| ISBN :CNY1.20 |
| ● |
| 相关链接 |
|
|
|
|
正题名:康有为诗文选
索取号:I215.22/472
 
预约/预借
| 序号 | 登录号 | 条形码 | 馆藏地/架位号 | 状态 | 备注 |
| 1 | 0449549 | 204495493 | 密集书库/ [索取号:I215.22/472] | 在馆 |